[Event "Bernard Partridge Final"]
[Site "?"]
[Date "2000.??.??"]
[Round "?"]
[White "Williams, Dr. S."]
[Black "Kunz, Harry"]
[Result "1/2-1/2"]
[WhiteElo "2297"]
[BlackElo "2403"]
[PlyCount "56"]
[EventDate "2000.??.??"]

1. d4 Nf6 2. c4 g6 3. Nc3 Bg7 4. e4 d6 5. f4 O-O 6. Nf3 c5 7. d5 e6 8. Be2 exd5
9. cxd5 Bg4 10. O-O Nbd7 11. Re1 Re8 12. h3 Bxf3 13. Bxf3 Qa5 14. Be3 b5 15. a3
Nb6 16. e5 Nc4 17. exf6 Nxe3 18. Rxe3 Rxe3 19. fxg7 Rae8 20. Qd2 b4 21. Nd1
Re1+ 22. Kh2 Qa6 23. f5 Kxg7 24. Qf4 f6 25. Qg4 R8e7 26. fxg6 hxg6 27. h4 R7e5
28. Qd7+ Re7 1/2-1/2

[Event "Bernard Partridge Final"]
[Site "?"]
[Date "2000.??.??"]
[Round "?"]
[White "Williams, Dr. S."]
[Black "Sowden, Edward"]
[Result "1/2-1/2"]
[WhiteElo "2297"]
[BlackElo "2361"]
[PlyCount "35"]
[EventDate "2000.??.??"]

1. d4 Nf6 2. c4 c6 3. Nf3 d5 4. Nc3 e6 5. Bg5 dxc4 6. e4 b5 7. e5 h6 8. Bh4 g5
9. Nxg5 hxg5 10. Bxg5 Nbd7 11. g3 Qa5 12. exf6 b4 13. Ne4 Ba6 14. Qf3 O-O-O 15.
Nc5 Bxc5 16. Qxc6+ Kb8 17. Bg2 Bxd4 18. Qa8+ 1/2-1/2

[Event "Bernard Partridge Final"]
[Site "?"]
[Date "2000.??.??"]
[Round "?"]
[White "Starke, Heiko"]
[Black "Williams, Dr. S."]
[Result "1-0"]
[WhiteElo "2355"]
[BlackElo "2361"]
[PlyCount "52"]
[EventDate "2000.??.??"]

1. e4 d5 2. exd5 Nf6 3. d4 Nxd5 4. Nf3 Bg4 5. c4 Nb6 6. c5 N6d7 7. h3 Bh5 8.
Bc4 e6 9. Be3 Be7 10. Nc3 O-O 11. Qe2 Nc6 12. g4 Bg6 13. O-O-O Na5 14. h4 Nxc4
15. Qxc4 h5 16. d5 exd5 17. Rxd5 c6 18. Rd2 hxg4 19. h5 Bf5 20. Qf4 Be6 21. h6
Bf6 22. hxg7 Bxg7 23. Nd4 Qf6 24. Qe4 Rfe8 25. Qh7+ Kf8 26. Bh6 Ne5 1-0

[Event "Bernard Partridge Final"]
[Site "?"]
[Date "2000.??.??"]
[Round "?"]
[White "van Damme, Liban"]
[Black "Williams, Dr. S."]
[Result "1-0"]
[WhiteElo "2444"]
[BlackElo "2297"]
[PlyCount "41"]
[EventDate "2000.??.??"]

1. c4 c6 2. d4 d5 3. Nf3 Nf6 4. Nc3 dxc4 5. a4 Bg4 6. Ne5 Bh5 7. f3 Nfd7 8.
Nxc4 e5 9. Ne4 Bb4+ 10. Bd2 Qe7 11. Bxb4 Qxb4+ 12. Qd2 Qxd2+ 13. Kxd2 exd4 14.
Ned6+ Ke7 15. Nxb7 Na6 16. e3 Ndc5 17. Nxc5 Nxc5 18. Na5 dxe3+ 19. Kxe3 Rhe8
20. b4 Nd7 21. Nxc6+ 1-0

[Event "Bernard Partridge Final"]
[Site "?"]
[Date "2000.??.??"]
[Round "?"]
[White "Williams, Dr. S."]
[Black "Woelk, Ralf"]
[Result "1-0"]
[WhiteElo "2297"]
[BlackElo "2311"]
[PlyCount "85"]
[EventDate "2000.??.??"]

1. d4 f5 2. g3 Nf6 3. Bg2 e6 4. Nh3 d5 5. O-O Be7 6. c4 c6 7. cxd5 exd5 8. Nc3
O-O 9. Nf4 Na6 10. f3 Nc7 11. e4 fxe4 12. fxe4 Nxe4 13. Nxe4 dxe4 14. Bxe4 g5
15. Ne2 Rxf1+ 16. Qxf1 Be6 17. Bd2 Qd7 18. Qf3 Bd5 19. Bxd5+ Nxd5 20. Qd3 Kg7
21. Rf1 Bf6 22. Nc3 Nb4 23. Qf3 Bxd4+ 24. Be3 g4 25. Qe4 Bxe3+ 26. Qxe3 Re8 27.
Qg5+ Kh8 28. Qh5 Nc2 29. Nd5 Re1 30. Rxe1 Nxe1 31. Qe5+ Qg7 32. Qxe1 cxd5 33.
Qe8+ Qg8 34. Qe5+ Qg7 35. Qb8+ Qg8 36. Qxa7 Qf7 37. Qd4+ Qg7 38. Qxg7+ Kxg7 39.
Kf2 Kf6 40. Ke3 Ke5 41. a4 Kd6 42. b4 Ke5 43. a5 1-0

[Event "Bernard Partridge Final"]
[Site "?"]
[Date "2000.??.??"]
[Round "?"]
[White "Voss, Gunter"]
[Black "Williams, Dr. S."]
[Result "1-0"]
[WhiteElo "2296"]
[BlackElo "2297"]
[PlyCount "129"]
[EventDate "2000.??.??"]

1. e4 d5 2. exd5 Nf6 3. d4 Nxd5 4. c4 Nb6 5. Nf3 Bg4 6. Be2 Nc6 7. O-O e6 8. b3
Be7 9. Nc3 O-O 10. Be3 Qd7 11. Ne5 Nxe5 12. Bxg4 Nxg4 13. Qxg4 Rad8 14. Rad1
Bb4 15. Ne2 Kh8 16. Rd3 Nc8 17. Qh5 Kg8 18. Rfd1 Ne7 19. Ng3 c6 20. Bg5 f6 21.
Bc1 a6 22. a3 Bd6 23. Ne4 Nf5 24. g4 g6 25. Qh3 Ng7 26. g5 fxg5 27. Bxg5 Be7
28. Nc5 Qc7 29. Nxe6 Nxe6 30. Qxe6+ Rf7 31. Bxe7 Qxe7 32. Qxe7 Rxe7 33. d5 Rd6
34. dxc6 Rxc6 35. Rd7 Kf7 36. Kg2 Rc7 37. Rxc7 Rxc7 38. Rd5 Ke6 39. Kf3 b5 40.
Rd4 bxc4 41. Rxc4 Rf7+ 42. Ke3 Rb7 43. b4 Kd7 44. Rc5 Rb6 45. f4 Re6+ 46. Re5
Rc6 47. Rd5+ Ke6 48. Ra5 Kd7 49. h4 Rb6 50. Kf3 Ke6 51. Re5+ Kf6 52. Ke4 Kf7
53. f5 gxf5+ 54. Rxf5+ Ke7 55. h5 h6 56. Rd5 Kf6 57. Kd4 Ke6 58. Kc4 Rc6+ 59.
Rc5 Rb6 60. a4 Kd7 61. b5 axb5+ 62. axb5 Rf6 63. Kb4 Rf4+ 64. Ka5 Rf8 65. Kb6
1-0

[Event "Bernard Partridge Final"]
[Site "?"]
[Date "2000.??.??"]
[Round "?"]
[White "Sowden, Edward"]
[Black "Summers, Manuel Jaime"]
[Result "0-1"]
[WhiteElo "2361"]
[BlackElo "2408"]
[PlyCount "91"]

1. e4 c5 2. Nc3 Nc6 3. g3 g6 4. Bg2 Bg7 5. d3 d6 6. Be3 e5 7. Qd2 Nge7 8. Bh6
Bxh6 9. Qxh6 Nd4 10. Rc1 Qa5 11. a3 b5 12. Qd2 Bg4 13. f4 f6 14. h3 Be6 15. Nf3
O-O 16. O-O exf4 17. gxf4 b4 18. Nd1 Nxf3+ 19. Rxf3 d5 20. Re3 Qb6 21. axb4
cxb4 22. Qf2 d4 23. Rg3 Rac8 24. c4 dxc3 25. Qxb6 axb6 26. bxc3 f5 27. e5 b5
28. d4 Rfd8 29. Rb1 b3 30. Rd3 Nd5 31. Bxd5 Bxd5 32. Kf2 Kf7 33. Rd2 h6 34. h4
g5 35. hxg5 hxg5 36. fxg5 Rh8 37. Rdb2 Kg6 38. Rxb3 Rh2+ 39. Ke1 Bxb3 40. Rxb3
Rc2 41. Rb2 Rxb2 42. Nxb2 Rxc3 43. Kd2 Ra3 44. d5 f4 45. Nd3 Kxg5 46. d6 0-1

[Event "Bernard Partridge Final"]
[Site "?"]
[Date "2000.07.01"]
[Round "?"]
[White "Voss, Gunter"]
[Black "Boger, Raymond"]
[Result "1/2-1/2"]
[WhiteElo "2296"]
[BlackElo "2477"]
[PlyCount "47"]
[EventDate "2000.??.??"]

1. e4 c5 2. Nf3 d6 3. d4 cxd4 4. Nxd4 Nf6 5. Nc3 a6 6. Bc4 e6 7. a3 Be7 8. O-O
O-O 9. Ba2 b5 10. Be3 Qc7 11. f4 Bb7 12. Qf3 Nbd7 13. f5 e5 14. Nde2 Nb6 15.
Ng3 Nc4 16. Bxc4 Qxc4 17. Bg5 Rfc8 18. Rad1 b4 19. axb4 Qxb4 20. Bxf6 Bxf6 21.
Nh5 Qxb2 22. Rd3 Qxc2 23. Rf2 Qb3 24. Nd5 1/2-1/2

[Event "Bernard Partridge Final"]
[Site "?"]
[Date "2000.07.01"]
[Round "?"]
[White "Boger, Raymond"]
[Black "Williams, Dr. S."]
[Result "1/2-1/2"]
[WhiteElo "2477"]
[BlackElo "2297"]
[PlyCount "27"]
[EventDate "2000.??.??"]

1. c4 c6 2. g3 d5 3. Bg2 Nf6 4. Nf3 Bg4 5. Ne5 Bf5 6. cxd5 cxd5 7. Nc3 Nbd7 8.
d4 e6 9. O-O Be7 10. Qb3 Qb6 11. Qa4 Rd8 12. h3 h6 13. g4 Bh7 14. Nd1 1/2-1/2

[Event "Bernard Partridge Final"]
[Site "?"]
[Date "2000.07.01"]
[Round "?"]
[White "van Damme, Liban"]
[Black "Boger, Raymond"]
[Result "0-1"]
[WhiteElo "2444"]
[BlackElo "2477"]
[PlyCount "95"]
[EventDate "2000.??.??"]

1. c4 e5 2. Nc3 Nc6 3. Nf3 Nf6 4. g3 d5 5. cxd5 Nxd5 6. Bg2 Nb6 7. O-O Be7 8.
a3 g5 9. d4 exd4 10. Nb5 O-O 11. Nbxd4 Nxd4 12. Nxd4 Bf6 13. e3 c5 14. Nb5 Qe7
15. Nd6 Be6 16. Nxb7 Nc4 17. Qh5 Bg7 18. f4 Rac8 19. fxg5 Ne5 20. Be4 Ng6 21.
Qf3 Rfe8 22. Rf2 Rc7 23. Na5 Qxg5 24. Nc6 Rec8 25. Qg2 Qh5 26. Bf3 Bg4 27. Na5
Bxf3 28. Qxf3 Qxf3 29. Rxf3 c4 30. Rf5 c3 31. b4 c2 32. Ra2 Ne5 33. Nb3 Nd3 34.
Rc5 Nxc5 35. Nxc5 Bf8 36. Rxc2 Bxc5 37. bxc5 Rxc5 38. Rxc5 Rxc5 39. Bb2 Rc2 40.
Bd4 a6 41. g4 Ra2 42. Bc5 Kg7 43. h4 Kg6 44. Bd6 f5 45. h5+ Kg5 46. gxf5 Kxf5
47. h6 Ke4 48. Bc5 0-1

[Event "Bernard Partridge Final"]
[Site "?"]
[Date "2000.07.01"]
[Round "?"]
[White "Hartogh, Theo"]
[Black "Boger, Raymond"]
[Result "1/2-1/2"]
[WhiteElo "2392"]
[BlackElo "2477"]
[PlyCount "63"]
[EventDate "2000.??.??"]

1. d4 Nf6 2. c4 g6 3. Nc3 Bg7 4. e4 d6 5. f3 O-O 6. Be3 Nc6 7. Nge2 a6 8. Qd2
Rb8 9. h4 h5 10. O-O-O b5 11. Bh6 e5 12. Bxg7 Kxg7 13. dxe5 Nxe5 14. Nd4 b4 15.
Nd5 c5 16. Nb3 Nxd5 17. Qxd5 Be6 18. Qxd6 Qxd6 19. Rxd6 Bxc4 20. Bxc4 Nxc4 21.
Rxa6 Rfd8 22. Kb1 Rbc8 23. Rc1 Nd2+ 24. Kc2 Nc4 25. Re1 Ne5 26. Ra5 Nd3 27. Rd1
c4 28. Nc5 Nf4 29. Rxd8 Rxd8 30. Ra7 Rd6 31. g3 Ne2 32. Rb7 1/2-1/2

[Event "Bernard Partridge Final"]
[Site "?"]
[Date "2000.07.01"]
[Round "?"]
[White "Boger, Raymond"]
[Black "Woelk, Ralf"]
[Result "1/2-1/2"]
[WhiteElo "2477"]
[BlackElo "2311"]
[PlyCount "49"]
[EventDate "2000.??.??"]

1. c4 f5 2. g3 Nf6 3. Bg2 e6 4. Nf3 d5 5. O-O Bd6 6. Nc3 c6 7. d3 O-O 8. cxd5
exd5 9. e4 fxe4 10. dxe4 Nxe4 11. Nxe4 dxe4 12. Ng5 Be7 13. Nxe4 Qxd1 14. Rxd1
Bg4 15. Rd4 Nd7 16. h3 Bf5 17. g4 Bxe4 18. Rxd7 Bc5 19. Be3 Bxe3 20. fxe3 Bxg2
21. Kxg2 Rae8 22. Re1 Rf7 23. Rd3 Kf8 24. Red1 g5 25. a3 1/2-1/2

[Event "Bernard Partridge Final"]
[Site "?"]
[Date "2000.07.01"]
[Round "?"]
[White "Starke, Heiko"]
[Black "Boger, Raymond"]
[Result "1/2-1/2"]
[WhiteElo "2355"]
[BlackElo "2477"]
[PlyCount "46"]
[EventDate "2000.??.??"]

1. e4 c5 2. Nf3 d6 3. d4 cxd4 4. Nxd4 Nf6 5. Nc3 a6 6. Bg5 e6 7. f4 Nbd7 8. Qf3
Qc7 9. O-O-O b5 10. Bd3 Bb7 11. Rhe1 Be7 12. Qg3 b4 13. Nd5 exd5 14. e5 dxe5
15. fxe5 Nh5 16. Qh4 Bxg5+ 17. Qxg5 g6 18. e6 Nc5 19. exf7+ Kxf7 20. Rf1+ Kg8
21. Nf5 Ne6 22. Ne7+ Kg7 23. Nf5+ Kg8 1/2-1/2

[Event "Bernard Partridge Final"]
[Site "?"]
[Date "2000.??.??"]
[Round "?"]
[White "Summers, Manuel Jaime"]
[Black "Starke, Heiko"]
[Result "1/2-1/2"]
[WhiteElo "2408"]
[BlackElo "2355"]
[PlyCount "84"]
[EventDate "2001.10.13"]

1. e4 c5 2. Nf3 d6 3. d4 cxd4 4. Nxd4 Nf6 5. Nc3 a6 6. f4 g6 7. Be2 Bg7 8. O-O
O-O 9. Be3 Nbd7 10. Bf3 Qc7 11. Qe2 e5 12. Nb3 b5 13. a3 Bb7 14. Rad1 exf4 15.
Bxf4 Ne5 16. Bxe5 dxe5 17. Rd2 Rfd8 18. Rfd1 Rxd2 19. Qxd2 Bf8 20. Qf2 Rc8 21.
Qa7 b4 22. axb4 Bxb4 23. Na2 Ra8 24. Qe3 Bf8 25. Nc3 a5 26. Kh1 Bb4 27. Na2
Qxc2 28. Nxb4 axb4 29. Nc5 Bc6 30. h3 Bb5 31. Rd2 Qc1+ 32. Kh2 Ra1 33. Nb3 Qh1+
34. Kg3 Qe1+ 35. Qxe1 Rxe1 36. Rd8+ Kg7 37. Rb8 Bc6 38. Nc5 Rc1 39. Nd3 Nd7 40.
Rxb4 Rc2 41. Bg4 f5 42. Ne1 Rc1 1/2-1/2

[Event "Bernard Partridge Final"]
[Site "?"]
[Date "2000.??.??"]
[Round "?"]
[White "Grothe, Dr. Gerhard"]
[Black "Starke, Heiko"]
[Result "1/2-1/2"]
[WhiteElo "2345"]
[BlackElo "2355"]
[PlyCount "52"]
[EventDate "2001.10.13"]

1. d4 Nf6 2. c4 e5 3. dxe5 Ng4 4. Bf4 Nc6 5. Nf3 Bb4+ 6. Nbd2 f6 7. exf6 Qxf6
8. g3 Qxb2 9. Bg2 d6 10. O-O h6 11. Nb3 Qf6 12. Nfd4 Nxd4 13. Qxd4 O-O 14. Qxf6
Nxf6 15. c5 Re8 16. cxd6 cxd6 17. Rfc1 Ba3 18. Rc2 Bf5 19. Rc7 Be4 20. Bxe4
Rxe4 21. Kf1 Nd5 22. Rxb7 Nxf4 23. gxf4 Rxf4 24. Rd1 Rf7 25. Rb5 Rc8 26. Ra5
Bc5 1/2-1/2

[Event "Bernard Partridge Final"]
[Site "?"]
[Date "2000.??.??"]
[Round "?"]
[White "Woelk, Ralf"]
[Black "Grothe, Dr. Gerhard"]
[Result "1/2-1/2"]
[WhiteElo "2311"]
[BlackElo "2345"]
[PlyCount "49"]
[EventDate "2001.10.13"]

1. d4 Nf6 2. Bf4 d5 3. e3 e6 4. Nd2 c5 5. c3 Nc6 6. Bd3 Bd6 7. dxc5 Bxc5 8.
Ngf3 O-O 9. Qc2 Re8 10. Ne5 h6 11. O-O Bd6 12. Nxc6 bxc6 13. Bxd6 Qxd6 14. e4
Rb8 15. Rfe1 e5 16. Rad1 Bg4 17. f3 Be6 18. b4 Qc7 19. Nb3 dxe4 20. Bxe4 Nxe4
21. fxe4 Bg4 22. Rd2 Red8 23. Nc5 Rxd2 24. Qxd2 Rd8 25. Qc2 1/2-1/2

[Event "Bernard Partridge Final"]
[Site "?"]
[Date "2000.??.??"]
[Round "?"]
[White "Kunz, Harry"]
[Black "Grothe, Dr. Gerhard"]
[Result "1/2-1/2"]
[WhiteElo "2403"]
[BlackElo "2345"]
[PlyCount "59"]
[EventDate "2001.10.13"]

1. e4 c6 2. d4 d5 3. Nc3 dxe4 4. Nxe4 Nd7 5. Ng5 Ngf6 6. Bd3 e6 7. N1f3 Bd6 8.
Qe2 h6 9. Ne4 Nxe4 10. Qxe4 Nf6 11. Qe2 Qc7 12. Bd2 b6 13. O-O-O Bb7 14. Ne5 c5
15. Bb5+ Ke7 16. dxc5 Qxc5 17. a3 Nd5 18. Kb1 Rhd8 19. c4 Nf6 20. Bb4 Qc7 21.
Rxd6 Rxd6 22. Rd1 Rad8 23. Rxd6 Rxd6 24. Qd1 a5 25. Qxd6+ Qxd6 26. Bxd6+ Kxd6
27. Nxf7+ Ke7 28. Ne5 Bxg2 29. Kc2 Kd8 30. Nf7+ 1/2-1/2

[Event "Bernard Partridge Final"]
[Site "?"]
[Date "2000.??.??"]
[Round "?"]
[White "Grothe, Dr. Gerhard"]
[Black "Lang, Torsten"]
[Result "1/2-1/2"]
[WhiteElo "2345"]
[BlackElo "2463"]
[PlyCount "38"]
[EventDate "2001.10.13"]

1. d4 d5 2. c4 dxc4 3. Nf3 Nf6 4. e3 Bg4 5. Bxc4 e6 6. h3 Bh5 7. Nc3 Nbd7 8.
O-O Bd6 9. e4 e5 10. Be2 O-O 11. dxe5 Nxe5 12. Nd4 Bxe2 13. Qxe2 Ng6 14. Rd1
Qe8 15. Nf5 Be5 16. f3 Qe6 17. Be3 Rfe8 18. Rd2 Nf4 19. Qf2 b6 1/2-1/2

[Event "Bernard Partridge Final"]
[Site "?"]
[Date "2000.??.??"]
[Round "?"]
[White "Poulsen, JM."]
[Black "Grothe, Dr. Gerhard"]
[Result "1/2-1/2"]
[WhiteElo "2370"]
[BlackElo "2345"]
[PlyCount "49"]
[EventDate "2001.10.13"]

1. e4 c6 2. d4 d5 3. exd5 cxd5 4. Bd3 Nc6 5. c3 Nf6 6. Bf4 Bg4 7. Qb3 Qc8 8.
Nd2 e6 9. Ngf3 Be7 10. h3 Bh5 11. O-O O-O 12. Rfe1 Bg6 13. Bxg6 hxg6 14. Re2 a6
15. a4 Na5 16. Qd1 b5 17. axb5 axb5 18. Nf1 Qb7 19. Ng3 b4 20. cxb4 Qxb4 21.
Ra4 Qb6 22. b3 Nc6 23. Rea2 Rxa4 24. bxa4 Ra8 25. Ra1 1/2-1/2

[Event "Bernard Partridge Final"]
[Site "?"]
[Date "2000.??.??"]
[Round "?"]
[White "Grothe, Dr. Gerhard"]
[Black "Voss, Gunter"]
[Result "1-0"]
[WhiteElo "2345"]
[BlackElo "2296"]
[PlyCount "95"]
[EventDate "2001.10.13"]

1. d4 Nf6 2. c4 e6 3. Nc3 Bb4 4. Qc2 c5 5. dxc5 O-O 6. a3 Bxc5 7. Nf3 d5 8. Bg5
d4 9. O-O-O e5 10. e3 Bg4 11. Be2 Bxf3 12. Bxf3 Nbd7 13. Nd5 h6 14. Bh4 Rc8 15.
Bg4 g5 16. Bxd7 Nxd7 17. Bg3 Nf6 18. Bxe5 Nxd5 19. Bxd4 Bd6 20. h4 Nb6 21. Kb1
Nxc4 22. Qf5 Qa5 23. Qxa5 Nxa5 24. hxg5 Rfe8 25. Bf6 Bf8 26. gxh6 Kh7 27. Rd7
Nc6 28. g4 Be7 29. g5 Bxf6 30. Rxf7+ Kg6 31. Rxf6+ Kxg5 32. Rf3 Re4 33. Rg3+
Rg4 34. f4+ Kf5 35. Rxg4 Kxg4 36. h7 Rh8 37. Rg1+ Kh5 38. Rg7 Kh6 39. Rxb7 Rxh7
40. Rxh7+ Kxh7 41. Kc2 Kg6 42. Kd3 Kf5 43. b3 Na5 44. b4 Nb7 45. Kd4 Nd6 46. a4
Ke6 47. e4 Kd7 48. Kd5 1-0

[Event "Bernard Partridge Final"]
[Site "?"]
[Date "2000.??.??"]
[Round "?"]
[White "Starke, Heiko"]
[Black "Poulsen, JM."]
[Result "1-0"]
[WhiteElo "2355"]
[BlackElo "2370"]
[PlyCount "57"]
[EventDate "2001.10.13"]

1. Nf3 g6 2. d4 Bg7 3. c4 d6 4. Nc3 f5 5. g3 Nc6 6. Bg2 Nf6 7. d5 Ne5 8. Nxe5
dxe5 9. Qb3 O-O 10. O-O e6 11. Bg5 h6 12. Bxf6 Qxf6 13. Rfd1 e4 14. d6 cxd6 15.
Rxd6 Rd8 16. c5 Rxd6 17. cxd6 b6 18. Rd1 Bd7 19. Qc4 Qd8 20. e3 Be5 21. Nd5 Kh7
22. Ne7 Bxb2 23. f3 exf3 24. Bxf3 Rb8 25. Qc7 Qe8 26. Qxa7 b5 27. Qc7 Bg7 28.
Bb7 b4 29. Rb1 1-0

[Event "Bernard Partridge Final"]
[Site "?"]
[Date "2000.??.??"]
[Round "?"]
[White "Voss, Gunter"]
[Black "Starke, Heiko"]
[Result "1/2-1/2"]
[WhiteElo "2296"]
[BlackElo "2355"]
[PlyCount "65"]
[EventDate "2001.10.13"]

1. e4 e5 2. Nf3 Nc6 3. Bb5 a6 4. Ba4 Nf6 5. Bxc6 dxc6 6. d3 Bc5 7. Qe2 Qd6 8.
Nbd2 Be6 9. O-O O-O-O 10. b3 Nd7 11. Nc4 Qe7 12. c3 Bxc4 13. bxc4 Rhe8 14. Rb1
Nb6 15. Rd1 h6 16. Be3 Na4 17. Qc2 Bxe3 18. Qxa4 Bb6 19. Qb3 f5 20. exf5 e4 21.
Nd4 c5 22. Ne6 Rxd3 23. Re1 Qf7 24. Qc2 g6 25. Rxe4 Rd6 26. Nf4 Rxe4 27. Qxe4
Qxf5 28. Qxf5+ gxf5 29. Nd5 Ba5 30. Ne7+ Kd7 31. Nxf5 Rd2 32. g4 b6 33. Nxh6
1/2-1/2

[Event "Bernard Partridge Final"]
[Site "?"]
[Date "2000.??.??"]
[Round "?"]
[White "Starke, Heiko"]
[Black "Hartogh, Theo"]
[Result "1-0"]
[WhiteElo "2355"]
[BlackElo "2392"]
[PlyCount "89"]
[EventDate "2001.10.13"]

1. e4 e6 2. d4 d5 3. Nc3 Nf6 4. Bg5 Be7 5. e5 Nfd7 6. Bxe7 Qxe7 7. f4 O-O 8.
Nf3 c5 9. Qd2 Nc6 10. O-O-O Nb6 11. dxc5 Qxc5 12. Bd3 f6 13. exf6 Rxf6 14. Kb1
Nc4 15. Bxc4 Qxc4 16. g3 b5 17. Ne2 a5 18. Ned4 Nxd4 19. Qxd4 Qxd4 20. Rxd4 Bb7
21. Re1 h6 22. h4 Kf7 23. Rd3 b4 24. c3 Ba6 25. Rde3 Bb5 26. cxb4 axb4 27. Rd1
Rb8 28. Rd4 Ba4 29. a3 Ke7 30. Rxb4 Rxb4 31. axb4 Kd6 32. Ra3 Bb5 33. Kc2 Rf7
34. Nd4 Bf1 35. Ra1 Rc7+ 36. Kd2 Rc4 37. Ke3 Bh3 38. Ra6+ Kc7 39. Ra7+ Kd6 40.
b5 g6 41. b3 Rc3+ 42. Kd2 Rc8 43. Ra6+ Kd7 44. Nc6 Kc7 45. Kc3 1-0

[Event "Bernard Partridge Final"]
[Site "?"]
[Date "2000.??.??"]
[Round "?"]
[White "Lang, Torsten"]
[Black "Starke, Heiko"]
[Result "1/2-1/2"]
[WhiteElo "2463"]
[BlackElo "2355"]
[PlyCount "41"]
[EventDate "2001.10.13"]

1. e4 c5 2. Nf3 d6 3. d4 cxd4 4. Nxd4 Nf6 5. Nc3 a6 6. Be2 e5 7. Nb3 Be7 8. a4
Be6 9. O-O O-O 10. f4 exf4 11. Bxf4 Nc6 12. Kh1 Rc8 13. Qe1 Ne5 14. Rd1 Bxb3
15. cxb3 Qb6 16. Bxe5 dxe5 17. Bc4 Rfd8 18. Rxd8+ Bxd8 19. Qg3 Qd6 20. Rd1 Qe7
21. Qh3 1/2-1/2

[Event "Bernard Partridge Final"]
[Site "?"]
[Date "2000.??.??"]
[Round "?"]
[White "Woelk, Ralf"]
[Black "Starke, Heiko"]
[Result "0-1"]
[WhiteElo "2311"]
[BlackElo "2355"]
[PlyCount "58"]
[EventDate "2001.10.13"]

1. d4 f5 2. g3 Nf6 3. Bg2 e6 4. c4 d5 5. Nh3 c6 6. O-O Be7 7. Qc2 O-O 8. Nd2 b6
9. Nf3 Ne4 10. Ne5 c5 11. f3 Nf6 12. e3 Ba6 13. Rd1 cxd4 14. exd4 dxc4 15. Nf4
Qc8 16. Bf1 g5 17. Nh3 h6 18. f4 g4 19. Nf2 Nc6 20. Nfxg4 Nxg4 21. Nxg4 Nb4 22.
Qb1 Bb7 23. Bg2 Bxg2 24. Kxg2 Qc6+ 25. Kg1 Qf3 26. Ne3 Bf6 27. Rf1 Qc6 28. a3
Nd3 29. Nc2 Qe4 0-1

[Event "Bernard Partridge Final"]
[Site "?"]
[Date "2000.??.??"]
[Round "?"]
[White "Kunz, Harry"]
[Black "Starke, Heiko"]
[Result "1/2-1/2"]
[WhiteElo "2403"]
[BlackElo "2355"]
[PlyCount "46"]
[EventDate "2001.10.13"]

1. e4 e5 2. Nf3 Nf6 3. Nc3 Nc6 4. d4 exd4 5. Nxd4 Bb4 6. Nxc6 bxc6 7. Bd3 d5 8.
exd5 cxd5 9. O-O O-O 10. Bg5 c6 11. Qf3 Be7 12. h3 h6 13. Bf4 Bd6 14. Na4 Bxf4
15. Qxf4 Qa5 16. Qd4 Ba6 17. Bxa6 Qxa6 18. Nc5 Qb6 19. Qc3 Rfd8 20. Rad1 a5 21.
a3 d4 22. Rxd4 Nd5 23. Qd2 Qxb2 1/2-1/2

[Event "Bernard Partridge Final"]
[Site "?"]
[Date "2000.??.??"]
[Round "?"]
[White "Starke, Heiko"]
[Black "Sowden, Edward"]
[Result "1/2-1/2"]
[WhiteElo "2355"]
[BlackElo "2361"]
[PlyCount "58"]
[EventDate "2001.10.13"]

1. e4 e6 2. d4 d5 3. Nc3 Nf6 4. Bg5 Be7 5. e5 Nfd7 6. Bxe7 Qxe7 7. f4 O-O 8.
Nf3 c5 9. Qd2 Nc6 10. O-O-O a6 11. dxc5 Nxc5 12. Kb1 b5 13. Bd3 b4 14. Ne2 Bb7
15. Ned4 Nxd3 16. cxd3 Rac8 17. Rc1 Rfd8 18. Rhf1 Re8 19. Nxc6 Bxc6 20. Nd4 Bd7
21. Qe3 a5 22. h3 f6 23. exf6 Qxf6 24. Nf3 b3 25. a3 a4 26. Ne5 Bb5 27. g3 Qf8
28. Qb6 Rb8 29. Qa5 Rb7 1/2-1/2

[Event "Bernard Partridge Final"]
[Site "?"]
[Date "2000.??.??"]
[Round "?"]
[White "Starke, Heiko"]
[Black "van Damme, Liban"]
[Result "1/2-1/2"]
[WhiteElo "2355"]
[BlackElo "2444"]
[PlyCount "67"]
[EventDate "2001.10.13"]

1. e4 c5 2. Nf3 Nc6 3. Nc3 g6 4. d4 cxd4 5. Nxd4 Bg7 6. Be3 Nf6 7. Bc4 O-O 8.
Bb3 d5 9. exd5 Na5 10. O-O Nxb3 11. Nxb3 b6 12. Qd2 Bb7 13. Rad1 Re8 14. f4 Qc7
15. f5 Rad8 16. Nd4 Nxd5 17. fxg6 hxg6 18. Qf2 Nf6 19. h3 Qe5 20. a4 Qb8 21.
Rd3 e5 22. Ndb5 Rxd3 23. cxd3 a6 24. Bg5 Re6 25. d4 axb5 26. d5 Rd6 27. Nxb5
Rxd5 28. Bxf6 Bh6 29. Bg5 Bxg5 30. Qxf7+ Kh8 31. Qxg6 Be3+ 32. Kh2 e4+ 33. Kh1
Qg8 34. Qxe4 1/2-1/2

[Event "Bernard Partridge Final"]
[Site "?"]
[Date "2000.??.??"]
[Round "?"]
[White "Grothe, Dr. Gerhard"]
[Black "van Damme, Liban"]
[Result "0-1"]
[WhiteElo "2345"]
[BlackElo "2444"]
[PlyCount "94"]
[EventDate "2001.10.13"]

1. d4 Nf6 2. c4 e6 3. Nc3 Bb4 4. Qc2 O-O 5. a3 Bxc3+ 6. Qxc3 b6 7. Bg5 Bb7 8.
f3 c5 9. dxc5 bxc5 10. e3 Nc6 11. O-O-O Qe7 12. Bxf6 gxf6 13. Nh3 d5 14. Nf4 d4
15. Qe1 f5 16. exd4 cxd4 17. Bd3 Kh8 18. Rd2 Rg8 19. Qf2 a5 20. Kb1 a4 21. Rc1
Qd8 22. Ne2 e5 23. Bxf5 Na5 24. Rdd1 Rb8 25. Rc2 Qf6 26. g4 Ba6 27. Rdc1 Qe7
28. Ka2 Qc5 29. Ng1 Nb3 30. Rd1 Bxc4 31. Kb1 Na5 32. Qg3 d3 33. Rg2 Qxa3 34.
Qxe5+ f6 35. Qxf6+ Rg7 36. Qd8+ Bg8 37. Qxa5 Qa2+ 38. Kc1 Qa1+ 39. Kd2 Qxb2+
40. Ke3 Qxg2 41. Qc3 Rb2 42. Bxd3 Qf2+ 43. Ke4 Rb8 44. Kf4 Rf8+ 45. Bf5 Be6 46.
Qd4 Qh4 47. Ke3 Bxf5 0-1

[Event "Bernard Partridge Final"]
[Site "?"]
[Date "2000.??.??"]
[Round "?"]
[White "van Damme, Liban"]
[Black "Kunz, Harry"]
[Result "1/2-1/2"]
[WhiteElo "2444"]
[BlackElo "2403"]
[PlyCount "91"]
[EventDate "2001.10.13"]

1. c4 e5 2. Nc3 Nf6 3. Nf3 Nc6 4. g3 d5 5. cxd5 Nxd5 6. Bg2 Nb6 7. O-O Be7 8.
a3 O-O 9. b4 Be6 10. Rb1 f6 11. d3 a5 12. b5 Nd4 13. Nd2 Bd5 14. Nxd5 Nxd5 15.
Ne4 f5 16. e3 fxe4 17. exd4 exd4 18. Bb2 e3 19. Bxd4 exf2+ 20. Rxf2 Qd6 21. Rc1
Rad8 22. a4 Nf4 23. Qb3+ Qe6 24. Qxe6+ Nxe6 25. Rxf8+ Kxf8 26. Be5 Bc5+ 27. Kf1
b6 28. Be4 g6 29. Ke2 Nd4+ 30. Kd1 Rd7 31. Rc4 Ke7 32. Kd2 Ke6 33. Bf4 Kf6 34.
h4 Ne6 35. Be3 Bxe3+ 36. Kxe3 Ke5 37. Rc6 Nd4 38. Rc1 Ne6 39. Rc4 Rd6 40. h5
gxh5 41. Bxh7 Rd4 42. Rxd4 Nxd4 43. Bg6 Nf5+ 44. Bxf5 Kxf5 45. d4 Kg4 46. Kf2
1/2-1/2

[Event "Bernard Partridge Final"]
[Site "?"]
[Date "2000.??.??"]
[Round "?"]
[White "Poulsen, JM."]
[Black "Kunz, Harry"]
[Result "0-1"]
[WhiteElo "2370"]
[BlackElo "2403"]
[PlyCount "76"]
[EventDate "2001.10.13"]

1. e4 e5 2. Bc4 Nf6 3. d3 c6 4. Nf3 d6 5. O-O Be7 6. Bb3 O-O 7. c3 Nbd7 8. h3
Nc5 9. Bc2 Re8 10. Re1 Ne6 11. d4 exd4 12. cxd4 d5 13. e5 Nd7 14. Nc3 Ndf8 15.
Be3 Ng6 16. Qd2 Bd7 17. Rac1 Rc8 18. Bb1 Nh4 19. Nxh4 Bxh4 20. Ne2 g6 21. Kh2
Ng7 22. a3 Nf5 23. Nf4 Nxe3 24. Qxe3 Bg5 25. g3 f6 26. Qf3 fxe5 27. dxe5 Rc7
28. Rcd1 Rf8 29. Rd4 Bc8 30. Qg2 Rcf7 31. Nd3 Rf3 32. Re2 Qb6 33. Rb4 Qa6 34.
Rd4 Be7 35. Rd2 Qb6 36. Nf4 Rb3 37. Bxg6 hxg6 38. Nxg6 Bc5 0-1